Ritos y fabulas de los incas /

Guardado en:
Autor Principal: Molina Cristobal De
Formato: Libro
Publicado: Buenos Aires : Futuro, 1947
Materias:
Etiquetas: Agregar Etiqueta
Sin Etiquetas, Sea el primero en etiquetar este registro!
LEADER 01353nam a22002175a 4500
001 CEM.cems004479
005 20060216000000.0
008 130507s1947##################000#0#####d
003 CEMS
082 0 4 |a 980.01 
100 1 |a Molina Cristobal De 
245 1 0 |a Ritos y fabulas de los incas / 
260 |a Buenos Aires :  |b Futuro,  |c 1947 
300 |a 159 p. 
505 0 |a Paulo Morra.-Reapertura del bosque.-En el principio fue el polvo.- Guitarra adentro.-El aljibe de los medanos.-El regreso del moro.-Paulo Morra.-Reapertura del bosque.-En el principio fue el polvo.- Guitarra adentro.-El aljibe de los medanos.-El regreso del moro.-Paulo Morra.-Reapertura del bosque.-En el principio fue el polvo.- Guitarra adentro.-El aljibe de los medanos.-El regreso del moro.-Paulo Morra.-Reapertura del bosque.-En el principio fue el polvo.- Guitarra adentro.-El aljibe de los medanos.-El regreso del moro.-Paulo Morra.-Reapertura del bosque.-En el principio fue el polvo.- Guitarra adentro.-El aljibe de los medanos.-El regreso del moro.-Paulo Morra.-Reapertura del bosque.-En el principio fue el polvo.- Guitarra adentro.-El aljibe de los medanos.-El regreso del moro.- 
653 |a Culturas precolombinas 
653 |a Fabulas incas 
653 |a Incas 
653 |a Quipos 
653 |a Ritos incas 
859 |a CEMS  |b BIB. CEMS - 11 de abril  |h 980.01  |i M733  |p 5951.77  |t Ej.1